000
00336 a2200169 4500
001
191461
020
_a
978-85-08-12599-9
040
_c
Magnum
100
_a
Alencar, José de
240
1
0
_a
Senhora
_l
por
245
1
0
_a
Senhora
300
_a
264
362
0
_a
2009
440
1
_a
Ática
697
_a
LITERATURA GERAL
942
_c
BK
999
_c
191461
_d
191461